000 00863nam a2200277Ia 4500
001 32769
003 98848
005 20250214233918.0
008 ||||||n9999 ||| || ||
041 _aspa
100 _aMontanez Gomez, Gustavo
_947133
245 0 _aMetodologia para la subregionalizacion y microregionalizacion departamental con fines de planificacion agropecuaria
260 _aBogotá :
_bMinisterio de Agricultura,
_c1987.
300 _a36p
562 _e1
650 _aCOLOMBIA
_947134
650 _aDESARROLLO AGROPECUARIO
_97498
650 _aDOCUMENTO METODOLOGICO
_93397
650 _aESTRUCTURA AGRARIA
_98530
650 _aPLANIFICACION SECTORIAL
_913418
650 _aPOBLACIÓN
_9265
650 _aREGIONALIZACIÓN
_947135
650 _aREGIONES DE PLANIFICACION
_926248
650 0 _aUso del suelo
_9146419
942 _cDO-GO
999 _c32769
_d32769